000 00956nam a2200265 a 4500
008 170223e1993 Ag ||||| |||| 00| 0 spa d
020 _a9561109530
041 _aspa
092 _c174.2
_l13
_sCOR
100 1 _aCorrea Donoso, Eduardo
_eEditor
_93112
245 _aÉtica y humanidad en la medicina actual.
_bReflexiones bioéticas /
_cEduardo Correa Donoso
250 _a1a ed.
260 _aSantiago [Chile]:
_bEditorial Universitaria;
_c1993.
300 _a256 p.
500 _aCorrea Donoso, E., Echeverria Bunster, C. y Rojas Osorio, A. (1993). Ética y humanidad en la medicina actual. Reflexiones bioéticas. (1a ed.). Chile : Editorial Universitaria.
590 _aDonacion DRa. Dora Vera 2017
653 _aFilosofia
653 _aEtica
653 _aHumanidad
653 _aMedicina
653 _aActo medico
700 1 _aEcheverria Bunster, Carlos
_eEditor
_93113
700 1 _aRojas Osorio, Alberto
_eEditor
_93114
942 _2ddc
_cBK
999 _c2328
_d2328